Neoliberalism in Latin America: good, bad or incomplete? /
Guardat en:
| Autor principal: | |
|---|---|
| Format: | Text |
| Matèries: | |
| Etiquetes: |
Afegir etiqueta
Sense etiquetes, Sigues el primer a etiquetar aquest registre!
|
MARC
| LEADER | 00000 a a2200000 04500 | ||
|---|---|---|---|
| 001 | 9262 | ||
| 003 | |||
| 040 | |||
| 100 | |a Walton, Michael | ||
| 245 | |a Neoliberalism in Latin America: |b good, bad or incomplete? / |c Michael Walton | ||
| 650 | |a NEOLIBERALISMO | ||
| 650 | |a CRECIMIENTO ECONOMICO | ||
| 650 | |a POLITICA SOCIAL | ||
| 650 | |a COMERCIO | ||
| 650 | |a PRIVATIZACION | ||
| 650 | |a DESIGUALDAD SOCIAL | ||
| 773 | |g volumen 39, número 3; páginas 165-182 | ||
| 999 | |c 24811 |d 24811 | ||
